Rekordy Polski w lekkoatletyce kobiet. - Statystyki

Ogólne statystyki
  • Ten quiz został rozwiązany 62 razy
    24 od ostatniego zresetowania
  • Średni wynik to 10 z 23
Statystyki odpowiedzi
Wskazówka Rok Odpowiedź % Poprawnych
Rzut młotem - 82,98 2016 Anita Włodarczyk
91%
Bieg na 400 m - 48,90 2024 Natalia Kaczmarek
91%
Skok o tyczce - 4,85 2011 Anna Rogowska
83%
Rzut oszczepem - 71,40 2021 Maria Andrejczyk
78%
Siedmiobój - 6672 pkt. 2022 Adrianna Sułek
74%
Chód na 20 km - 1:27:31 2022 Katarzyna Zdziebło
57%
Chód na 35 km - 2:40:03 2022 Katarzyna Zdziebło
57%
Bieg na 1500 m - 3:57,31 2024 Weronika Lizakowska
57%
Bieg na 3000 m z przeszkodami - 9:16,51 2024 Alicja Konieczek
52%
Skok wzwyż - 2,02 2015 Kamila Lićwinko
52%
Bieg na 400 m przez płotki - 53,86 2007 Anna Jesień
43%
Bieg na 100 m - 10,93 1986 Ewa Kasprzyk
43%
Bieg na 200 m - 22,13 1986 Ewa Kasprzyk
43%
Bieg na 110 m przez płotki - 12,36 1980 Grażyna Rabsztyn
43%
Maraton - 2:25:52 2023 Aleksandra Lisowska
30%
Bieg na 5000 m - 15:04,88 2002 Lidia Chojecka
26%
Bieg na 800 m - 1:56,95 1980 Jolanta Januchta
17%
Pchnięcie kulą - 19,58 1976 Ludwika Chewińska
13%
Trójskok - 14,44 2010 Małgorzata Trybańska
13%
Skok w dal - 6,97 1988 Agata Karczmarek
9%
Rzut dyskiem - 66,18 1988 Renata Katewicz
9%
Chód na 50 km - 4:31:19 2019 Agnieszka Ellward
4%
Bieg na 10000 m - 31:43,51 2013 Karolina Jarzyńska
4%
Nie znaleziono quizów pasujących do podanych kryteriów
Rozkład punktacji
Procent ludzi z każdym wynikiem
Percentyl według liczby udzielonych odpowiedzi
Twoja historia wyników
Nie rozwiązałeś tego quizu od ostatniego zresetowania